|
|
|
|
| LEADER |
00000naa2a2200000 4500 |
| 001 |
432358 |
| 005 |
20240227115450.0 |
| 035 |
|
|
|a (RuTPU)RU\TPU\prd\92596
|
| 090 |
|
|
|a 432358
|
| 100 |
|
|
|a 20101207a1955 k y0rusy50 ca
|
| 101 |
0 |
|
|a rus
|
| 102 |
|
|
|a RU
|
| 200 |
1 |
|
|a Ток обмена на амальгамном капельном электроде и состав разряжающихся комплексов
|f А. Г. Стромберг, М. К. Иванцова
|
| 461 |
|
0 |
|0 (RuTPU)RU\TPU\prd\750
|t Доклады Академии Наук СССР
|o журнал
|f Академия наук СССР (АН СССР)
|d 1933-1992
|
| 463 |
|
0 |
|0 (RuTPU)RU\TPU\prd\66853
|t Т. 100, № 2
|v С. 303-306
|d 1955
|
| 610 |
1 |
|
|a труды учёных ТПУ
|
| 700 |
|
1 |
|a Стромберг
|b А. Г.
|c химик, специалист в области классической полярографии и инверсионной вольтамперометрии
|c профессор Томского политехнического института
|f 1910-2004
|g Армин Генрихович
|3 (RuTPU)RU\TPU\pers\11188
|9 2478
|
| 701 |
|
1 |
|a Иванцова
|b М. К.
|4 070
|
| 801 |
|
2 |
|a RU
|b 63413507
|c 20111111
|g RCR
|
| 942 |
|
|
|c BK
|